MARC details
| 000 -LEADER |
| fixed length control field |
00582cam a2200181 4500 |
| 001 - CONTROL NUMBER |
| control field |
WS107505 |
| 008 - FIXED-LENGTH DATA ELEMENTS--GENERAL INFORMATION |
| fixed length control field |
000000n 000 0 eng u |
| 035 ## - SYSTEM CONTROL NUMBER |
| System control number |
(Sirsi) u107505 |
| 110 ## - MAIN ENTRY--CORPORATE NAME |
| Corporate name or jurisdiction name as entry element |
Shelter |
| 9 (RLIN) |
2788 |
| 245 ## - TITLE STATEMENT |
| Title |
Shelter |
| 520 ## - SUMMARY, ETC. |
| Summary, etc. |
This site aims to become a major resource for homelessness and housing issues. It includes links to their journal 'Roof'. |
| 650 ## - SUBJECT ADDED ENTRY--TOPICAL TERM |
| Topical term or geographic name entry element |
HOMELESSNESS |
| 650 ## - SUBJECT ADDED ENTRY--TOPICAL TERM |
| Topical term or geographic name entry element |
SOCIAL HOUSING |
| 650 ## - SUBJECT ADDED ENTRY--TOPICAL TERM |
| Topical term or geographic name entry element |
RESIDENTIAL |
| 690 ## - LOCAL SUBJECT ADDED ENTRY--TOPICAL TERM (OCLC, RLIN) |
| Topical term or geographic name as entry element |
HOUSING |
| 856 40 - ELECTRONIC LOCATION AND ACCESS |
| Uniform Resource Identifier |
<a href="https://www.shelter.org.uk">https://www.shelter.org.uk</a> |
| Public note |
View the website free of charge at www.shelter.org.uk... |
| 942 ## - ADDED ENTRY ELEMENTS (KOHA) |
| Suppress in OPAC |
0 |